Normal view
MARC view
Entry Personal Name
001 - CONTROL NUMBER
- control field: 62345
003 - CONTROL NUMBER IDENTIFIER
- control field: dpl
005 - DATE AND TIME OF LATEST TRANSACTION
- control field: 20240221124852.0
008 - FIXED-LENGTH DATA ELEMENTS
- fixed length control field: 240221|| aca||aabn | a|a d
040 ## - CATALOGING SOURCE
- Original cataloging agency: dpl
- Transcribing agency: dpl
100 ## - HEADING--PERSONAL NAME
- Personal name: नीहारे गीते
670 ## - SOURCE DATA FOUND
- Source citation: Work cat.: (dpl)200964: नीहारे गीते , पिया मेहंदी लिया द मोतीझील से/, 2022
